00845nam a2200241 i 4500003000900000005001700009007000300026008004100029040003000070082001400100100004100114245007600155264006600231300002800297336002700325337003300352338002800385590002600413910000700439942001400446952012600460999001700586DO-SdBNP20240418085517.0ta240418b19? dr ||||| |||| 00| 0 spa d aDO-SdBNPbspacBNPHUerda 4222bM386f aMartir Angleria, Pedroeautor94936810aFuentes históricas sobre Colón y América /cPedro Martir Angleria aciudad desconocida :bEditora desconocida,cfecha desconocida a302 páginas ;c23 cm. 2rdacontentatextobtxt 2rdamediaasin mediaciónbn 2rdacarrieravolumenbnc aInventariado, 2024/DG aDG 2ddccLBS1 00102ddc51708PDaBNPHUbBNPHUcCTd2024-04-18edonaciónl0oBNPHU PD M386fp2024-2346r2024-04-18w2024-04-18yLBS1 c56443d56443